00818nam a2200217 a 4500001000400000003000500004005001700009008004100026020001500067040002000082100002500102245007700127260002800204300001100232490003100243500015000274650002900424650002600453650005700479650006400536349CDMR20131115123025.0130130s1975||||||||||||||||||||||||||||d a0394713966 aCDMRbcatcCDMR1 aEpstein, Edwuard Jay10aBetween fact and fictionb: the problem of journalismcEdward J. Epstein aNew Yorkc1975bVintage a232 p.0 aJournalism (Vintage Books) aA la coberta: How the press mishandled The Pentagon Papers, Vietnam War, The Bernie Conrfeld Scandal, The Police vs the Black Panthers, Watergate04aPeriodismexObjectivitat04aAnàlisi del discurs04aEscàndols en els mitjans de comunicació de massa04aConflictes socials en els mitjans de comunicació de massa